[Event "2009 Standard Chess Dropout Tournament, Round 3"]
[Site "SchemingMind.com"]
[Date "2009.07.23"]
[Round "3"]
[White "Robert Pallett"]
[Black "Aadsje"]
[Result "1/2-1/2"]
[WhiteCountry "ENG"]
[BlackCountry "NED"]
[WhiteElo "2289"]
[WhiteRD "84"]
[BlackElo "2179"]
[BlackRD "67"]
[GameID "213473"]

1. e4 e5 2. Nf3 Nc6 3. Bb5 a6 4. Ba4 Nf6 5. O-O Bd6 6. Re1 O-O 7. c3 Qe7 8. d4 b5 9. Bc2 Bb7 10. Nh4 g6
11. Bg5 Kg7 12. Qc1 exd4 13. e5 Bxe5 14. f4 Qc5 15. b4 Qb6 16. fxe5 Ng4 17. h3 d3+ 18. Kh1 Nf2+ 19. Kh2 Nxe5 20. Bb3 Rae8
21. Rf1 Kh8 22. Nd2=
1/2-1/2

[Event "2009 Standard Chess Dropout Tournament, Round 3"]
[Site "SchemingMind.com"]
[Date "2009.07.27"]
[Round "3"]
[White "montinskij"]
[Black "Ashmaster"]
[Result "1-0"]
[WhiteCountry "USA"]
[BlackCountry "IRL"]
[WhiteElo "2077"]
[WhiteRD "133"]
[BlackElo "1852"]
[BlackRD "94"]
[GameID "213474"]

1. e4 e5 2. Nf3 Nc6 3. Bc4 Bc5 4. c3 Nf6 5. d3 d6 6. O-O a6 7. Bb3 Ba7 8. Nbd2 O-O 9. h3 Be6 10. Re1 h6
11. Nf1 Re8 12. Ng3 Bxb3 13. Qxb3 Rb8 14. Nf5 Ne7 15. N3h4 d5 16. c4 c6 17. cxd5 cxd5 18. Be3 Bxe3 19. Rxe3 Kh7 20. Rc1 Nxf5
21. Nxf5 g6 22. Nh4 Kg7 23. Nf3 d4 24. Re2 Qd6 25. Rec2 Re7 26. g3 b5 27. Rc6 Qd7 28. Qa3 Ree8 29. Qxa6 Nh5 30. Rc7 Qxh3
31. Rxf7+ Kxf7 32. Rc7+ Kf8 33. Qd6+
1-0

[Event "2009 Standard Chess Dropout Tournament, Round 3"]
[Site "SchemingMind.com"]
[Date "2009.07.27"]
[Round "3"]
[White "Ollowain"]
[Black "KaliYuga"]
[Result "1-0"]
[WhiteCountry "GER"]
[BlackCountry "IRL"]
[WhiteElo "2150"]
[WhiteRD "87"]
[BlackElo "1944"]
[BlackRD "82"]
[GameID "213475"]

1. e4 c5 2. Nf3 d6 3. d4 cxd4 4. Nxd4 Nf6 5. Nc3 g6 6. Be3 Bg7 7. f3 a6 8. Qd2 Nbd7 9. O-O-O b5 10. g4 Bb7
11. h4 b4 12. Nce2 a5 13. h5 Ne5 14. Nf4 Nc4 15. Bxc4
1-0

[Event "2009 Standard Chess Dropout Tournament, Round 3"]
[Site "SchemingMind.com"]
[Date "2009.07.24"]
[Round "3"]
[White "Thomas Meehan"]
[Black "Faloan"]
[Result "0-1"]
[WhiteCountry "ENG"]
[BlackCountry "GER"]
[WhiteElo "1539"]
[WhiteRD "99"]
[BlackElo "2212"]
[BlackRD "95"]
[GameID "213476"]

1. c4 e6 2. Nf3 d5 3. g3 Nf6 4. Bg2 Be7 5. O-O O-O 6. d3 c5 7. Nbd2 Nc6 8. b3 Re8 9. Bb2 d4 10. Re1 Qc7
11. e3 e5 12. a3 Bg4 13. h3 Bh5 14. Qb1 Nd7 15. b4 b6 16. b5 Na5 17. exd4 exd4 18. Qc2 Nb7 19. Ne4 h6 20. a4 f5
21. Ned2 Rad8 22. Nb3 Nd6 23. a5 Bf6 24. Rxe8+ Rxe8 25. Qd2 Nf7 26. Re1 Rxe1+ 27. Nxe1 Nde5 28. Qf4 Qe7 29. Qxf5 Bg6 30. Qxg6 Nxg6
31. Nf3 Qe2 32. Bc1 Qd1+ 33. Kh2 Qxb3 34. Bf4 Nxf4 35. gxf4 Qxd3 36. Ne1 Qxc4
0-1

[Event "2009 Standard Chess Dropout Tournament, Round 3"]
[Site "SchemingMind.com"]
[Date "2009.07.27"]
[Round "3"]
[White "paradox"]
[Black "sthorwall"]
[Result "0-1"]
[WhiteCountry "GER"]
[BlackCountry "USA"]
[WhiteElo "1957"]
[WhiteRD "117"]
[BlackElo "2105"]
[BlackRD "66"]
[GameID "213477"]

1. e4 g6 2. Nf3 Bg7 3. g3 d6 4. Bg2 Nf6 5. O-O Nxe4 6. Re1 Nf6 7. Nc3 O-O 8. d4 Nbd7 9. a4 a5 10. Bg5 h6
11. Bd2 Nb6 12. Qe2 Re8 13. h3 c6 14. b3 Qc7 15. Rac1 Be6 16. Nd1 Nbd7 17. g4 Qb6 18. Qd3 Nf8 19. Ne3 Nd5 20. Nc4 Qc7
21. c3 Nf6 22. Nh2 Bd5 23. Bxd5 cxd5 24. Ne3 e5 25. c4 e4 26. Qc2 dxc4 27. Nxc4 d5 28. Nxa5 Qxc2 29. Rxc2 Ne6 30. Bc3 Rac8
31. Rec1 b6 32. Nb7 Bf8 33. a5 bxa5 34. Nc5 Bxc5 35. dxc5 d4 36. Bxa5 Nf4 37. Rd1 Nxh3+ 38. Kg2 Nf4+ 39. Kg3 d3 40. Rc4 Ne2+
41. Kg2 Re5 42. b4 h5 43. c6 Nxg4 44. Nxg4 hxg4 45. c7 f5 46. Rc6 f4 47. Rxg6+ Kf7 48. Rxg4 f3+
0-1

[Event "2009 Standard Chess Dropout Tournament, Round 3"]
[Site "SchemingMind.com"]
[Date "2009.07.27"]
[Round "3"]
[White "Patjanka"]
[Black "rkttkr"]
[Result "1-0"]
[WhiteCountry "DEN"]
[BlackCountry "ENG"]
[WhiteElo "2254"]
[WhiteRD "84"]
[BlackElo "1994"]
[BlackRD "76"]
[GameID "213478"]

1. c4 Nf6 2. Nc3 d5 3. cxd5 Nxd5 4. Nf3 g6 5. e4 Nxc3 6. bxc3 Bg7 7. Ba3 O-O 8. d4 b6 9. Be2 Bb7 10. Qc2 c5
11. O-O cxd4 12. cxd4 Qd7 13. Rac1 Rc8 14. Qb3 Nc6 15. d5 Nd4 16. Nxd4 Bxd4 17. h3 Rxc1 18. Rxc1 Rc8 19. Rxc8+ Bxc8 20. Qc4 Bg7
21. d6 e6 22. f4 h6 23. e5 g5 24. fxg5 hxg5 25. Qc1 f6 26. Bb5 Qd8 27. Qc6
1-0

[Event "2009 Standard Chess Dropout Tournament, Round 3"]
[Site "SchemingMind.com"]
[Date "2009.07.27"]
[Round "3"]
[White "pawngrabber"]
[Black "CuriousShadow"]
[Result "0-1"]
[WhiteCountry "ENG"]
[BlackCountry "USA"]
[WhiteElo "1925"]
[WhiteRD "82"]
[BlackElo "2138"]
[BlackRD "148"]
[GameID "213480"]

1. d4 f5 2. g3 g6 3. Bg2 Nf6 4. Nf3 Bg7 5. c4 O-O 6. O-O d6 7. Nc3 Nc6 8. Bg5 Ne4 9. a3 Nxg5 10. Nxg5 Nxd4
11. e3 h6 12. exd4 hxg5 13. Qd2 e5 14. dxe5 dxe5 15. Rad1 Qxd2 16. Rxd2 c6 17. Rfd1 Be6 18. Rd6 Rae8 19. b3 Bf6 20. Na4 Bc8
21. b4 Rd8 22. Rxd8 Rxd8 23. Rxd8+ Bxd8 24. Nc5 Be7 25. Nd3 e4 26. Nb2 Kf7 27. Kf1 Bf6 28. Nd1 Be6 29. c5 Bc4+ 30. Ke1 Bd4
31. Bf1 Bxf1 32. Kxf1 Ke6 33. Ke2 Kd5 34. Ne3+ Bxe3 35. Kxe3 Ke5 36. Kd2 Kd4
0-1

[Event "2009 Standard Chess Dropout Tournament, Round 3"]
[Site "SchemingMind.com"]
[Date "2009.07.22"]
[Round "3"]
[White "Pedro666"]
[Black "GBEDARD"]
[Result "0-1"]
[WhiteCountry "POL"]
[BlackCountry "USA"]
[WhiteElo "2098"]
[WhiteRD "101"]
[BlackElo "2133"]
[BlackRD "85"]
[GameID "213481"]

1. e4 d6 2. d4 Nf6 3. f3 e5 4. dxe5 dxe5 5. Qxd8+ Kxd8 6. Bc4 Ke8 7. Be3 Nbd7 8. Nc3 c6 9. g4 b5 10. Bf1 Bc5
11. Bxc5 Nxc5 12. g5 Nfd7 13. h4 a5 14. Bh3 h6 15. O-O-O Ke7 16. Nge2 hxg5 17. hxg5 Nb6 18. Bf5 Be6 19. Ng3 g6 20. Bxe6 Nxe6
21. Rhg1 Rad8 22. Nce2 Rxd1+ 23. Kxd1 Nc4 24. b3 Rd8+ 25. Kc1 Nd2 26. f4 exf4 27. Nh1 Nf3 28. Rf1 Nh2 29. Rf2 Rh8 30. Kd2 Nxg5
0-1

[Event "2009 Standard Chess Dropout Tournament, Round 3"]
[Site "SchemingMind.com"]
[Date "2009.07.27"]
[Round "3"]
[White "pjl1015"]
[Black "C. H. O'D. Schlechter"]
[Result "1/2-1/2"]
[WhiteCountry "USA"]
[BlackCountry "USA"]
[WhiteElo "2388"]
[WhiteRD "109"]
[BlackElo "2393"]
[BlackRD "80"]
[GameID "213483"]

1. e4 e5 2. Nf3 Nc6 3. d4 exd4 4. Nxd4 Nf6 5. Nxc6 bxc6 6. Bd3 d5 7. exd5 cxd5 8. O-O Be7 9. c4 O-O 10. Nc3 d4
11. Ne4 Ng4 12. Ng3 Rb8 13. Nf5 Bxf5 14. Bxf5 Nf6 15. Bc2 Bc5 16. a3 a5 17. Qd3 g6 18. Ba4 Ng4 19. Qg3 f5 20. Rb1 d3
21. Bc6 Bd6 22. Bf4 Rb6 23. Bd5+ Kg7 24. b4 axb4 25. axb4 Nf6 26. b5 Re8 27. Bxd6 Rxd6 28. Qxd3 Nxd5= 29. cxd5 Rxd5 30. Qc3+ Kh6
31. Rb4 Rd3 32. Qc1+ Kg7 33. Rc4 Re7 34. Qa1+ Kf7 35. h3 Qd5 36. Rfc1 Rd1+ 37. Rxd1 Qxc4 38. Qh8 h5 39. Qh7+ Kf6 40. Qh8+ Kf7
41. b6 Qc2 42. Rd4 Qc6 43. b7 Qxb7 44. Rd8 Re1+ 45. Kh2 Qb4 46. Qh7+ Kf6 47. Qh6 Re7 48. Rg8 Ke5 49. Qh8+ Kd5 50. Qa1 Re6
51. Rd8+ Rd6 52. Re8 Kc6 53. Re2 Qc4 54. Qa8+ Kc5 55. Qa7+ Kd5 56. Qb7+ Rc6 57. Re1 Kd6 58. Qa8 Qf4+ 59. Kg1 Rc2 60. Rd1+ Ke6
61. Qa6+=
1/2-1/2

[Event "2009 Standard Chess Dropout Tournament, Round 3"]
[Site "SchemingMind.com"]
[Date "2009.07.22"]
[Round "3"]
[White "remigius"]
[Black "Fiesty 50"]
[Result "1/2-1/2"]
[WhiteCountry "ESP"]
[BlackCountry "ENG"]
[WhiteElo "1934"]
[WhiteRD "106"]
[BlackElo "2245"]
[BlackRD "94"]
[GameID "213484"]

1. e4 e6 2. d4 d5 3. e5 c5 4. c3 Nc6 5. Nf3 Bd7 6. a3 f6 7. b4 c4 8. Be2 fxe5 9. b5 Na5 10. Nxe5 Bd6
11. Bf4 Nf6 12. Bh5+ g6 13. Bg4 Nxg4 14. Qxg4 O-O 15. Nd2 Bxe5 16. Bxe5 Nb3 17. Rd1 Rf5 18. Qg3 Bxb5 19. O-O Nxd2 20. Rxd2 Qg5
21. Qxg5= Rxg5 22. f4 Rf5 23. g4 Rf7 24. h4 Kf8 25. h5 gxh5 26. gxh5 Ke7 27. Rg2 Raf8 28. h6 Ba4 29. Rf3 Bd1 30. Rfg3 Bh5
31. Rg7 Bf3=
1/2-1/2

[Event "2009 Standard Chess Dropout Tournament, Round 3"]
[Site "SchemingMind.com"]
[Date "2009.07.25"]
[Round "3"]
[White "rkttkr"]
[Black "Brennan Price"]
[Result "0-1"]
[WhiteCountry "ENG"]
[BlackCountry "USA"]
[WhiteElo "2037"]
[WhiteRD "79"]
[BlackElo "2144"]
[BlackRD "96"]
[GameID "213485"]

1. Nf3 c5 2. c4 g6 3. g3 Bg7 4. Bg2 Nc6 5. Nc3 Nf6 6. O-O O-O 7. d3 d6 8. Rb1 d5 9. cxd5 Nxd5 10. Qb3 Be6
11. Qxb7 Na5 12. Qa6 Bxc3 13. bxc3 Nxc3 14. Rb5 Nxb5 15. Qxb5 Qb6 16. Qa4 Rac8 17. Ng5 Qb4 18. Qc2 Nc6 19. Nxe6 fxe6 20. a3 Nd4
21. Qa2 Qb3 22. Qxb3 Nxb3 23. Bh6 Rfd8 24. Rb1 Nd4 25. Bh3 Nxe2+ 26. Kf1 Nd4 27. Rb7 Nf5 28. Bg5 Rxd3
0-1

[Event "2009 Standard Chess Dropout Tournament, Round 3"]
[Site "SchemingMind.com"]
[Date "2009.07.24"]
[Round "3"]
[White "Ryan"]
[Black "pawngrabber"]
[Result "1-0"]
[WhiteCountry "NED"]
[BlackCountry "ENG"]
[WhiteElo "2088"]
[WhiteRD "115"]
[BlackElo "1925"]
[BlackRD "82"]
[GameID "213486"]

1. e4 d6 2. d4 Nf6 3. Nc3 g6 4. Nf3 Bg7 5. Be2 O-O 6. O-O Bg4 7. Be3 Nc6 8. Qd2 e5 9. dxe5 dxe5 10. Rad1 Qc8
11. Qc1 Rd8 12. Rxd8+ Nxd8 13. Rd1 Ne6 14. h3 Bxf3 15. Bxf3 c6 16. Ne2 Qc7 17. c3 a5 18. g3 Rd8 19. Rxd8+ Qxd8 20. Qc2 h6
21. Bg2 Kf8 22. Nc1 Ke8 23. Nd3 Nd7 24. Qd2 g5 25. b4 b5 26. Kh1 a4 27. a3 Nb6 28. Nb2 Qxd2 29. Bxd2 Bf6 30. Bf1 Bd8
31. Kg2 Kd7 32. Nd1 Nc8 33. Ne3 Nd6 34. Bd3 c5 35. Ng4 f6 36. Nxh6 cxb4 37. axb4 Kc6 38. Ng4 Ng7 39. Ne3 Ne6 40. Bc1 Nc7
41. Kf3 Nc8 42. h4 gxh4 43. gxh4 Nd6 44. Kg4 Kd7 45. Kh5 Ke7 46. Kg6 Kf8 47. Ng4 f5 48. exf5 Bxh4 49. f6 Nce8 50. Bh6+ Kg8
51. Bg7
1-0

[Event "2009 Standard Chess Dropout Tournament, Round 3"]
[Site "SchemingMind.com"]
[Date "2009.07.27"]
[Round "3"]
[White "saxon"]
[Black "MichaelDV"]
[Result "1-0"]
[WhiteCountry "GER"]
[BlackCountry "SWE"]
[WhiteElo "2426"]
[WhiteRD "104"]
[BlackElo "2387"]
[BlackRD "71"]
[GameID "213487"]

1. e4 c5 2. Nf3 e6 3. d4 cxd4 4. Nxd4 Nc6 5. Nc3 Qc7 6. Be3 a6 7. Qd2 Nf6 8. O-O-O Bb4 9. f3 O-O 10. g4 b5
11. g5 Ne8 12. a3 Be7 13. h4 b4 14. axb4 Bxb4 15. Nxc6 Qxc6 16. Qd4 a5 17. Nb5 d6 18. Na7 Qc7 19. Qb6 Bb7 20. Qxc7 Nxc7
21. c3 Bc5 22. Bxc5 dxc5 23. Rd7 Rxa7 24. Rxc7 Rc8 25. Rd7 Rca8 26. Bb5 Ba6 27. Rxa7 Rxa7 28. Rd1 f6 29. Bxa6 Rxa6 30. gxf6 gxf6
31. Rd7 a4 32. Rc7 a3 33. bxa3 Rxa3 34. Kb2 Ra5 35. Kb3 Ra1 36. Kc4 Rc1 37. h5 h6 38. Rxc5 Rf1 39. Rc8+ Kg7 40. Rc7+ Kg8
41. Kc5 Rxf3 42. Kd6 Re3 43. Kxe6 Rxe4+ 44. Kxf6 Rg4 45. Rc5 Rg7 46. c4 Kh7 47. Re5 Rg1 48. Ke6 Kg7 49. c5 Rc1 50. Kd6 Kf7
51. c6
1-0

[Event "2009 Standard Chess Dropout Tournament, Round 3"]
[Site "SchemingMind.com"]
[Date "2009.07.23"]
[Round "3"]
[White "simon_w"]
[Black "Zerstörer"]
[Result "1/2-1/2"]
[WhiteCountry "IRL"]
[BlackCountry "ITA"]
[WhiteElo "1901"]
[WhiteRD "70"]
[BlackElo "2043"]
[BlackRD "86"]
[GameID "213488"]

1. e4 c5 2. Nf3 d6 3. d4 cxd4 4. Nxd4 Nf6 5. Nc3 a6 6. Be3 e6 7. f3 b5 8. g4 h6 9. Qd2 Nbd7 10. O-O-O Bb7
11. h4 b4 12. Na4 Qa5 13. b3 Nc5 14. a3 Nxa4 15. axb4 Qc7 16. bxa4 d5 17. e5 Nd7 18. f4 Nb6 19. Rh3 Rc8 20. Bf2 Nxa4
21. Be1 Be7 22. f5 Nb6 23. fxe6 fxe6 24. Qe2 Kd7 25. Rc3= Nc4 26. Qxc4 dxc4 27. Nb5+ Bd5 28. Nxc7 Kxc7 29. Bxc4 Bxb4 30. Rcd3 Bxe1
31. Bxd5 exd5 32. Rxe1 Rcd8 33. Rf1 Rd7 34. e6 Re7 35. Rf7 Rxf7 36. exf7 Kd6 37. c4 Ke7 38. Rxd5 Kxf7 39. Ra5=
1/2-1/2

[Event "2009 Standard Chess Dropout Tournament, Round 3"]
[Site "SchemingMind.com"]
[Date "2009.07.27"]
[Round "3"]
[White "startstek"]
[Black "Apocalypse"]
[Result "0-1"]
[WhiteCountry "ALG"]
[BlackCountry "USA"]
[WhiteElo "1909"]
[WhiteRD "78"]
[BlackElo "2568"]
[BlackRD "65"]
[GameID "213489"]

1. e4 c5 2. Nf3 e6 3. d4 cxd4 4. Nxd4 Nf6 5. Nc3 Bb4 6. e5 Nd5 7. Bd2 Nxc3 8. bxc3 Be7 9. Qg4 g5 10. f4 h5
11. Qf3 g4 12. Qe2 a6 13. g3 d5 14. h3 gxh3 15. Rxh3 h4 16. g4 Qc7 17. g5 Nc6 18. Nxc6 Qxc6 19. Qf2 Bd7 20. Rxh4 O-O-O
21. Bd3 Bc5 22. Qg3 Qb6 23. Rh6 Qb2 24. Rc1 Rhf8 25. Ke2 Qa3 26. Rb1 Bc6 27. Qh3 Qxa2 28. Rc1 Kb8 29. Qf1 Qa5 30. Ra1 Qc7
31. Qb1 a5 32. Be3 d4 33. cxd4 Bxd4 34. Bxd4 Rxd4 35. Ke3 Rfd8 36. Ra3 Rb4 37. Rb3 Qb6+ 38. Ke2 Rxd3 39. Kxd3 Qd4+ 40. Ke2 Bb5+
0-1

[Event "2009 Standard Chess Dropout Tournament, Round 3"]
[Site "SchemingMind.com"]
[Date "2009.07.27"]
[Round "3"]
[White "Stephen"]
[Black "desmondw"]
[Result "1-0"]
[WhiteCountry "ENG"]
[BlackCountry "IRL"]
[WhiteElo "1994"]
[WhiteRD "112"]
[BlackElo "1814"]
[BlackRD "82"]
[GameID "213490"]

1. d4 d5 2. c4 e6 3. Nc3 Nf6 4. Bg5 Be7 5. e3 h6 6. Bh4 O-O 7. Qc2 b6 8. cxd5 Nxd5 9. Bxe7 Qxe7 10. Nf3 Bb7
11. Be2 Nc6 12. Nxd5 exd5 13. O-O Nb4 14. Qc3 a5 15. a3 Nc6 16. Rac1 Rfe8 17. Bb5 Nxd4 18. exd4 Rec8 19. Bc6 Bxc6 20. Qxc6 Qe6
21. Rfe1 Qxc6 22. Rxc6 Ra7 23. Rec1 g6 24. Ne5
1-0

[Event "2009 Standard Chess Dropout Tournament, Round 3"]
[Site "SchemingMind.com"]
[Date "2009.07.27"]
[Round "3"]
[White "sthorwall"]
[Black "Mel-o-rama"]
[Result "1-0"]
[WhiteCountry "USA"]
[BlackCountry "USA"]
[WhiteElo "2105"]
[WhiteRD "66"]
[BlackElo "1755"]
[BlackRD "92"]
[GameID "213491"]

1. e4 c5 2. Nf3 d6 3. d4 cxd4 4. Nxd4 Nf6 5. Nc3 g6 6. Be3 Bg7 7. f3 O-O 8. Qd2 Nc6 9. O-O-O d5 10. exd5 Nxd5
11. Nxc6 bxc6 12. Nxd5 cxd5 13. Qxd5 Qc7 14. Qc5 Qb7 15. b3 Bf5 16. Bd3 Rac8 17. Qa5 Rc3 18. Bxf5 Rxe3 19. Be4 Qb8 20. g3 Qc8
21. g4 Re2 22. g5 Qb8 23. h4 Rh2 24. h5 e6 25. hxg6 hxg6 26. Rxh2 Qxh2 27. Kb1 Qf4 28. Qc5 Qb8 29. Qa5 Qg3 30. a3 Qf2
31. Qd2 Qc5 32. Ka2 Qe5 33. Qc1 Rb8 34. Rd7 a5 35. a4 Qc3 36. Rd3 Qb4 37. Qe3 Bf8 38. Bxg6 Qa3+ 39. Kb1 Bg7 40. Bxf7+ Kf8
41. Rd4 Bxd4 42. Qxd4 Kxf7 43. Qf4+
1-0

[Event "2009 Standard Chess Dropout Tournament, Round 3"]
[Site "SchemingMind.com"]
[Date "2009.07.27"]
[Round "3"]
[White "thebirdolux"]
[Black "TRFz"]
[Result "1/2-1/2"]
[WhiteCountry "USA"]
[BlackCountry "GBR"]
[WhiteElo "2434"]
[WhiteRD "74"]
[BlackElo "2171"]
[BlackRD "81"]
[GameID "213492"]

1. e4 c5 2. Nc3 Nc6 3. Nf3 g6 4. d4 cxd4 5. Nxd4 Bg7 6. Be3 Nf6 7. Nxc6 bxc6 8. e5 Nd5 9. Nxd5 cxd5 10. Qxd5 Rb8
11. O-O-O Bb7 12. Qc5 O-O 13. c3 Be4 14. h4 h5 15. f3 Bf5 16. Bd3 d6 17. exd6 exd6 18. Qxa7 Qc8 19. Qa3 Ra8 20. Bxf5 Qxf5
21. Qb3 Rfb8 22. Qd5 Bxc3 23. Qxf5 Bxb2+ 24. Kc2 gxf5 25. Bd4 Bxd4 26. Rxd4 Rxa2+ 27. Kd3 Rxg2 28. Ke3 Kg7 29. Kf4 Rb6 30. Kxf5 Rb3
31. Kf4 Rg6 32. Rhd1 Rf6+ 33. Kg5 Rbxf3 34. Kxh5 Rg6 35. Rd5 Re3 36. Rg5 Re5 37. Rxe5 dxe5 38. Rd5 Re6=
1/2-1/2

[Event "2009 Standard Chess Dropout Tournament, Round 3"]
[Site "SchemingMind.com"]
[Date "2009.07.27"]
[Round "3"]
[White "Theodoric"]
[Black "simon_w"]
[Result "1-0"]
[WhiteCountry "ENG"]
[BlackCountry "IRL"]
[WhiteElo "1967"]
[WhiteRD "68"]
[BlackElo "1890"]
[BlackRD "76"]
[GameID "213493"]

1. e4 c5 2. c3 Nf6 3. e5 Nd5 4. d4 cxd4 5. Bc4 Nb6 6. Bb3 dxc3 7. Qf3 e6 8. Nxc3 Nc6 9. Bf4 Nd4 10. Qd3 Nxb3
11. axb3 Bb4 12. Nf3 d5 13. Qb5+
1-0

[Event "2009 Standard Chess Dropout Tournament, Round 3"]
[Site "SchemingMind.com"]
[Date "2009.07.27"]
[Round "3"]
[White "Tyler"]
[Black "Danzino"]
[Result "1-0"]
[WhiteCountry "SUI"]
[BlackCountry "GBR"]
[WhiteElo "2222"]
[WhiteRD "126"]
[BlackElo "2061"]
[BlackRD "101"]
[GameID "213495"]

1. e4 c5 2. Nf3 d6 3. d4 cxd4 4. Nxd4 Nf6 5. Nc3 a6 6. Be3 e5 7. Nb3 Be6 8. Qd2 Be7 9. f3 O-O 10. O-O-O Nbd7
11. g4 b5 12. g5 b4 13. Ne2 Ne8 14. Ng3 a5 15. Kb1 a4 16. Nc1 b3 17. axb3 Nc7 18. Bc4 a3 19. Bd5 Nxd5 20. exd5 Bh3
21. Nd3 Re8 22. Ka2 axb2+ 23. Kxb2 Qb8 24. Nb4 Nb6 25. Ra1 Qb7 26. Rhg1 Bd7 27. h4 Reb8 28. c3 Bf8 29. Qd3 Nc8 30. Ne4 Kh8
31. h5 Bf5 32. Ra6 Rxa6 33. Qxa6 Qc7 34. Nc6 Rb7 35. h6 g6 36. Nf6 Be7 37. Ne8 Qd7 38. Ra1 Kg8 39. b4 Kh8 40. Qa8 Bf8
41. Nf6 Qc7 42. Ra7 Rxa7 43. Bxa7 Bd7 44. Bb6 Bxc6 45. dxc6
1-0

[Event "2009 Standard Chess Dropout Tournament, Round 3"]
[Site "SchemingMind.com"]
[Date "2009.07.26"]
[Round "3"]
[White "Arno Aartsen"]
[Black "Ursus"]
[Result "0-1"]
[WhiteCountry "NED"]
[BlackCountry "INT"]
[WhiteElo "1568"]
[WhiteRD "112"]
[BlackElo "1743"]
[BlackRD "81"]
[GameID "213496"]

1. d4 Nf6 2. Nc3 g6 3. g3 Bg7 4. e3 O-O 5. Bg2 d5 6. Nf3 Bg4 7. h3 Bd7 8. O-O Qc8 9. Ne5 Bxh3 10. Nxd5 Nxd5
11. Bxd5 Bxf1 12. Qxf1 c6 13. Bg2 Nd7 14. Bh3 Bxe5 15. dxe5 e6 16. f4 Qc7 17. b3 Qa5 18. Qd1 Qc3 19. Bd2 Qc5 20. Bf1 Rad8
21. Bd3 Nb6 22. Rc1 Rd7 23. Qe1 Rfd8 24. Bb4 Qd5 25. Qe2 c5 26. Bc4 Nxc4 27. bxc4 Qc6 28. Ba5 b6 29. Bc3 Qa4 30. Ra1 Qa3
31. Qe1 Qa4 32. Qe2 Qc6 33. Kf2 Qe4 34. Rc1 Kg7 35. a3 Qc6 36. Kg1 a6 37. Rb1 Rb8 38. Qg2 Qa4 39. Rb3 Qxc4 40. Qf1 Qa4
41. Qb1 b5 42. Kf2 c4 43. Rb4 Qxa3 44. Be1 Rc7 45. Qb2 Qxb2 46. Rxb2 c3 47. Rb3 b4 48. Ke2 a5 49. Kd3 a4 50. Rb1 h5
51. Ra1 Rd8+ 52. Ke2 b3 53. cxb3 axb3 54. Rc1 b2 55. Rb1 c2 56. Rxb2 c1=Q 57. Rd2 Rxd2+ 58. Bxd2 Rc2
0-1

[Event "2009 Standard Chess Dropout Tournament, Round 3"]
[Site "SchemingMind.com"]
[Date "2009.07.26"]
[Round "3"]
[White "Ursus"]
[Black "capablanca"]
[Result "1/2-1/2"]
[WhiteCountry "INT"]
[BlackCountry "GER"]
[WhiteElo "1722"]
[WhiteRD "91"]
[BlackElo "1623"]
[BlackRD "56"]
[GameID "213497"]

1. e4 d5 2. exd5 Qxd5 3. Nc3 Qa5 4. Nf3 c6 5. d4 Nf6 6. Bd2 Bf5 7. Bc4 e6 8. O-O Be7 9. Re1 O-O 10. Ne5 Qc7
11. Bf4 Bd6 12. Qd2 Nbd7 13. Nxd7 Bxf4 14. Nxf6+ gxf6 15. Qe2 Kh8 16. g3 Rg8 17. Kh1 Bg4 18. f3 Bh3 19. gxf4 Bg2+ 20. Qxg2 Rxg2
21. Kxg2 Rg8+ 22. Kf2 Qxf4 23. Ne4= Qxh2+ 24. Ke3 Qxc2 25. b3 Rg2 26. Bf1 Rh2 27. Bd3 Qb2 28. Reb1 Qa3 29. Nxf6 Qe7 30. Nxh7 f5
31. Rh1 Qxh7 32. Rxh2=
1/2-1/2

[Event "2009 Standard Chess Dropout Tournament, Round 3"]
[Site "SchemingMind.com"]
[Date "2009.07.27"]
[Round "3"]
[White "wilfried"]
[Black "MARISCAL"]
[Result "0-1"]
[WhiteCountry "GER"]
[BlackCountry "ESP"]
[WhiteElo "2426"]
[WhiteRD "107"]
[BlackElo "2319"]
[BlackRD "105"]
[GameID "213498"]

1. d4 e6 2. c4 f5 3. g3 Nf6 4. Bg2 c6 5. Nf3 d5 6. O-O Bd6 7. Nc3 O-O 8. Qc2 Ne4 9. Be3 Nd7 10. Rac1 Qe8
11. Rfe1 Qh5 12. h3 a5 13. c5 Bc7 14. a3 g5 15. Nxe4 dxe4 16. Nxg5 Nf6 17. h4 Nd5 18. Qd2 f4 19. gxf4 Qxh4 20. Nxe4 Kh8
21. Rc3 Rg8 22. Ng3 Bd7 23. Rb3 Rg6 24. Qc2 Rag8 25. Bd2 Nxf4 26. Bxf4 Bxf4 27. Qe4 e5 28. dxe5 Qg5 29. Rf3 Bxe5 30. Rd1 Bc8
31. b4 h5 32. Rf7 axb4 33. axb4 Be6 34. Rf5 Bxf5 35. Qxe5+ R6g7 36. Rd4 h4 37. Qxf5 Qxf5 38. Nxf5 Rxg2+
0-1

[Event "2009 Standard Chess Dropout Tournament, Round 3"]
[Site "SchemingMind.com"]
[Date "2009.07.27"]
[Round "3"]
[White "willygor"]
[Black "paradox"]
[Result "0-1"]
[WhiteCountry "ARG"]
[BlackCountry "GER"]
[WhiteElo "1671"]
[WhiteRD "92"]
[BlackElo "1986"]
[BlackRD "118"]
[GameID "213499"]

1. e4 e6 2. f4 d5 3. e5 c5 4. Bb5+ Bd7 5. Bxd7+ Qxd7 6. Nf3 Nc6 7. d3 Nge7 8. Nc3 Nf5 9. O-O Be7 10. Kh1 O-O-O
11. Qe2 h6 12. a3 g5 13. fxg5 hxg5 14. Nxg5 Ng3+ 15. Kg1 Nxe2+ 16. Nxe2 Nxe5 17. b3 Rdg8 18. Bb2 Rxg5 19. Rae1 d4 20. Bc1 Rg7
21. Bf4 Ng4 22. Ng3 Bd6 23. h3 Bxf4 24. Rxf4 Qc7 25. Rf3 Ne5
0-1

[Event "2009 Standard Chess Dropout Tournament, Round 3"]
[Site "SchemingMind.com"]
[Date "2009.07.22"]
[Round "3"]
[White "Zerstörer"]
[Black "Stephen"]
[Result "1/2-1/2"]
[WhiteCountry "ITA"]
[BlackCountry "ENG"]
[WhiteElo "2047"]
[WhiteRD "82"]
[BlackElo "1975"]
[BlackRD "106"]
[GameID "213500"]

1. d4 d5 2. c4 c6 3. Nc3 Nf6 4. Nf3 dxc4 5. a4 Bf5 6. e3 e6 7. Bxc4 Bb4 8. O-O O-O 9. Qe2 Nbd7 10. e4 Bg4
11. Rd1 Qa5 12. h3 Bh5 13. e5 Nd5 14. Ne4 a6 15. Bd2 Bxd2 16. Nexd2 Qb4 17. Bxd5 cxd5 18. a5 Bxf3 19. Nxf3 Rac8 20. Qe1 Qxe1+
21. Nxe1 Rc6 22. Rdc1 Rfc8 23. Nd3 Rc4 24. Kf1 Kf8 25. Ke2 Ke7 26. Ke3 Rxc1 27. Rxc1 Rxc1 28. Nxc1 b6 29. b4 bxa5 30. bxa5 Nb8
31. Nb3 Nc6=
1/2-1/2

[Event "2009 Standard Chess Dropout Tournament, Round 4"]
[Site "SchemingMind.com"]
[Date "2009.12.15"]
[Round "4"]
[White "Apocalypse"]
[Black "John Elburg"]
[Result "1-0"]
[WhiteCountry "USA"]
[BlackCountry "NED"]
[WhiteElo "2658"]
[WhiteRD "64"]
[BlackElo "2408"]
[BlackRD "95"]
[GameID "230415"]

1. e4 e5 2. c3 c5 3. Bc4 Nc6 4. Nf3 Qc7 5. d4 cxd4 6. Qb3 d6 7. cxd4 Nf6 8. Nc3 Bg4 9. d5 Na5 10. Bb5+ Nd7
11. Qb4 a6 12. Be2 Be7 13. Bd2 Bxf3 14. gxf3 Bd8 15. Nd1 O-O 16. Rc1 Qb8 17. Qa3 b6 18. Ne3 g6 19. h4 h5 20. Rg1 Kh8
21. f4 Rg8 22. fxe5 Nxe5 23. b4 Nb7 24. Nc4 a5 25. Qe3 Rg7 26. Nxe5 dxe5 27. Qh6+ Kg8 28. Bxh5 Nd6 29. Bxg6 fxg6 30. Rxg6 Ne8
31. Rcc6 Ra7 32. Rg3 Rf7 33. Qe6 Bc7 34. Bg5 Nd6 35. Rg4 Ne8 36. h5 Bd6 37. Rc8 Bxb4+ 38. Bd2 Qxc8 39. Qxc8 Bxd2+ 40. Kxd2 Rxf2+
41. Ke3 Rf8 42. d6 Rxg4 43. Qxg4+ Kh8 44. h6
1-0